Statistics for Cat Breeds

Click here to take the quiz!

General Stats

  • This quiz has been taken 23 times
  • The average score is 8 of 15

Answer Stats

Answer% Correct
Siamese Cat
100%
Sphynx Cat
86%
Persian Cat
79%
Scottish Fold
71%
Maine Coon
64%
Russian Blue
64%
Bengal Cat
57%
Ragdoll
57%
Savannah Cat
50%
British Shorthair
43%
Norwegian Forest Cat
43%
Birman
36%
Exotic Shorthair
29%
Siberian Cat
29%
Turkish Angora
29%

Score Distribution

Percentile by Number Answered

Percent of People with Each Score

Your Score History

You have not taken this quiz